[Event "NED-ch Blitz Final"]
[Site "Rotterdam"]
[Date "2023.09.09"]
[Round "8"]
[White "Van Wely, Loek"]
[Black "Van Tellingen, Frank"]
[Result "1-0"]
[WhiteElo "2644"]
[BlackElo "2279"]
[PlyCount "75"]
[EventDate "2023.09.09"]
[EventType "tourn (blitz)"]
[EventRounds "11"]
[EventCountry "NED"]
[EventCategory "9"]
[SourceTitle "EXT 2024"]
[Source "ChessBase"]
[SourceDate "2023.10.10"]
[SourceVersion "1"]
[SourceVersionDate "2023.10.10"]
[SourceQuality "1"]

1. d4 Nf6 2. c4 g6 3. Nc3 d5 4. Nf3 Bg7 5. cxd5 Nxd5 6. Bg5 Nxc3 7. bxc3 c5 8. Rc1 0-0 9. Qd2 Bg4 10. e3 cxd4 11. cxd4 Nc6 12. Be2 Rc8 13. 0-0 h6 14. Bh4 g5 15. Bg3 Qa5 16. Qxa5 Nxa5 17. h4 Be6 18. hxg5 hxg5 19. a4 g4 20. Ne5 Bxe5 21. Bxe5 Nc4 22. Bf4 f5 23. f3 gxf3 24. gxf3 Bd5 25. Kf2 Kf7 26. e4 fxe4 27. fxe4 Ke8 28. Ke1 Bf7 29. d5 e5 30. Rxc4 Rxc4 31. Bxc4 exf4 32. Rxf4 Rh8 33. e5 Rh5 34. e6 Bg8 35. Rg4 Bh7 36. d6 Re5+ 37. Kd2 Re4 38. Bb5+ 1-0

[Event "Quenza op 12th"]
[Site "Quenza"]
[Date "2023.07.23"]
[Round "2"]
[White "Deladerriere, Apollo"]
[Black "Van Wely, Loek"]
[Result "0-1"]
[WhiteElo "1797"]
[BlackElo "2644"]
[PlyCount "126"]
[EventDate "2023.07.23"]
[EventType "swiss"]
[EventRounds "9"]
[EventCountry "FRA"]
[SourceTitle "CBM 215 Extra"]
[Source "ChessBase"]
[SourceDate "2023.09.30"]
[SourceVersion "1"]
[SourceVersionDate "2023.09.30"]
[SourceQuality "1"]

1. e4 c5 2. Nf3 d6 3. d4 cxd4 4. Qxd4 Nf6 5. c4 Nc6 6. Qe3 Bg4 7. Be2 g6 8. 0-0 Bg7 9. Nc3 0-0 10. Rb1 Nd7 11. b3 Nc5 12. Bb2 a6 13. Rfd1 Qa5 14. Rd2 Rfe8 15. h3 Bxf3 16. Bxf3 Rac8 17. Nd5 Bxb2 18. Rbxb2 Qa3 19. Bg4 Rcd8 20. Rb1 Nb4 21. Nxb4 Qxb4 22. Rbd1 Rb8 23. Rd5 b6 24. e5 dxe5 25. Qxe5 e6 26. R5d2 a5 27. Qf6 a4 28. Qb2 axb3 29. axb3 Qxb3 30. Qxb3 Nxb3 31. Rb2 Na5 32. Be2 Rec8 33. Rd6 Nxc4 34. Bxc4 Rxc4 35. Rdxb6 Rxb6 36. Rxb6 g5 37. g3 Kg7 38. Kg2 h5 39. Rb5 Kg6 40. Rb8 h4 41. gxh4 Rxh4 42. Rb7 Ra4 43. Kg3 f5 44. Rb6 Kf6 45. Rb5 Rd4 46. Ra5 Rd5 47. Ra1 Rd3+ 48. f3 Rd2 49. Ra5 f4+ 50. Kg4 Rg2+ 51. Kh5 Rg3 52. h4 gxh4 53. Kxh4 Rxf3 54. Kg4 Rf1 55. Ra4 e5 56. Ra6+ Ke7 57. Kf5 Re1 58. Ra7+ Kd6 59. Ra5 f3 60. Ra2 e4 61. Kf4 Re2 62. Ra1 f2 63. Rf1 e3 0-1

[Event "Quenza op 12th"]
[Site "Quenza"]
[Date "2023.07.23"]
[Round "7"]
[White "Kosteniuk, Alexandra"]
[Black "Van Wely, Loek"]
[Result "1-0"]
[WhiteElo "2532"]
[BlackElo "2644"]
[PlyCount "65"]
[EventDate "2023.07.23"]
[EventType "swiss"]
[EventRounds "9"]
[EventCountry "FRA"]
[SourceTitle "CBM 215 Extra"]
[Source "ChessBase"]
[SourceDate "2023.09.30"]
[SourceVersion "1"]
[SourceVersionDate "2023.09.30"]
[SourceQuality "1"]

1. e4 c5 2. c3 Nf6 3. e5 Nd5 4. Nf3 e6 5. d4 cxd4 6. cxd4 b6 7. Nc3 Nxc3 8. bxc3 Qc7 9. Bb5 a6 10. Ba4 b5 11. Bb3 Bb7 12. Bd2 Nc6 13. 0-0 Na5 14. Bc2 h6 15. Qe2 Be7 16. a4 Nc4 17. Bc1 0-0 18. Qd3 f5 19. exf6 Bxf6 20. Bxh6 Bxf3 21. Qh7+ Kf7 22. Bg6+ Ke7 23. Bxg7 Bxg7 24. Qxg7+ Kd6 25. gxf3 Rg8 26. Qh6 Raf8 27. Kh1 Qc6 28. d5 Qc5 29. dxe6 Rf6 30. Rad1+ Kc7 31. Rxd7+ Kc8 32. Rg7 Qf8 33. e7 1-0

[Event "Quenza op 12th"]
[Site "Quenza"]
[Date "2023.07.23"]
[Round "6"]
[White "Van Wely, Loek"]
[Black "Fressinet, Laurent"]
[Result "1/2-1/2"]
[WhiteElo "2644"]
[BlackElo "2652"]
[PlyCount "112"]
[EventDate "2023.07.23"]
[EventType "swiss"]
[EventRounds "9"]
[EventCountry "FRA"]
[SourceTitle "CBM 215 Extra"]
[Source "ChessBase"]
[SourceDate "2023.09.30"]
[SourceVersion "1"]
[SourceVersionDate "2023.09.30"]
[SourceQuality "1"]

1. c4 e6 2. Nf3 d5 3. g3 d4 4. Bg2 Nc6 5. 0-0 Nh6 6. e3 Nf5 7. e4 Nfe7 8. d3 Ng6 9. h4 h5 10. Nbd2 e5 11. Nh2 Be7 12. Ndf3 f6 13. Ne1 Nf8 14. a3 a5 15. b3 Be6 16. Rb1 Nd7 17. Nc2 Nc5 18. Qe2 Qd7 19. Bd2 Bh3 20. b4 Na4 21. Qe1 Bxg2 22. Kxg2 axb4 23. axb4 b5 24. Ra1 bxc4 25. dxc4 0-0 26. b5 Nd8 27. Nb4 Nb6 28. Rxa8 Nxa8 29. Nd5 Bc5 30. Qe2 Qf7 31. Nf3 Nb6 32. Ne1 Nxd5 33. cxd5 Nb7 34. Nd3 Bd6 35. Ra1 Nc5 36. Nxc5 Bxc5 37. Qc4 Bd6 38. f3 f5 39. Qd3 Qg6 40. exf5 Rxf5 41. Qe4 Rf6 42. Ra8+ Kh7 43. Bg5 Qxe4 44. fxe4 Rf8 45. Rxf8 Bxf8 46. Kf3 Bd6 47. Ke2 Kg6 48. Kd3 Kf7 49. Kc4 Ke8 50. Bd2 Kd7 51. Ba5 g6 52. Bd2 Be7 53. Bc1 Bd6 54. Bd2 Be7 55. Bc1 Bd6 56. Bd2 Be7 1/2-1/2

[Event "Bundesliga 2223"]
[Site "Germany"]
[Date "2023.04.01"]
[Round "12.5"]
[White "Santos Ruiz, Miguel"]
[Black "Van Wely, Loek"]
[Result "1/2-1/2"]
[WhiteElo "2580"]
[BlackElo "2629"]
[PlyCount "55"]
[EventDate "2022.10.21"]
[EventType "team-tourn"]
[EventRounds "15"]
[EventCountry "GER"]
[SourceTitle "CBM 213 Extra"]
[Source "ChessBase"]
[SourceDate "2023.05.31"]
[SourceVersion "1"]
[SourceVersionDate "2023.05.31"]
[SourceQuality "1"]
[WhiteTeam "Bayern Muenchen"]
[BlackTeam "Solingen"]
[WhiteTeamCountry "GER"]
[BlackTeamCountry "GER"]

1. e4 c5 2. Nf3 d6 3. Nc3 Nf6 4. d4 cxd4 5. Qxd4 Nc6 6. Qd3 Bg4 7. h3 Bxf3 8. Qxf3 g6 9. Nd5 Bg7 10. c3 0-0 11. Be2 Nxd5 12. exd5 Ne5 13. Qe4 Qa5 14. g3 Nd7 15. Qd3 Nb6 16. Bf3 Rac8 17. 0-0 Nc4 18. Re1 Rfe8 19. Bg2 b5 20. Re4 Ne5 21. Qe2 Rc4 22. Re3 Rc7 23. Re4 Rc4 24. Re3 Rc7 25. Re4 Rc4 26. Re3 Bf6 27. Bd2 Qb6 28. Be1 1/2-1/2

[Event "Bundesliga 2223"]
[Site "Germany"]
[Date "2023.03.18"]
[Round "10.1"]
[White "Van Wely, Loek"]
[Black "Wojtaszek, Radoslaw"]
[Result "1/2-1/2"]
[WhiteElo "2629"]
[BlackElo "2693"]
[PlyCount "52"]
[EventDate "2022.10.21"]
[EventType "team-tourn"]
[EventRounds "15"]
[EventCountry "GER"]
[SourceTitle "CBM 213 Extra"]
[Source "ChessBase"]
[SourceDate "2023.05.31"]
[SourceVersion "1"]
[SourceVersionDate "2023.05.31"]
[SourceQuality "1"]
[WhiteTeam "Solingen"]
[BlackTeam "Baden-Baden"]
[WhiteTeamCountry "GER"]
[BlackTeamCountry "GER"]

1. d4 Nf6 2. c4 e6 3. Nc3 Bb4 4. Qc2 d5 5. cxd5 exd5 6. Bg5 h6 7. Bh4 0-0 8. e3 c5 9. dxc5 Be6 10. Nf3 Nbd7 11. Be2 Rc8 12. a3 Bxc3+ 13. Qxc3 g5 14. Bg3 Ne4 15. Qc2 Ndxc5 16. Nd4 Bd7 17. b3 Qf6 18. Qb2 h5 19. f3 Nxg3 20. hxg3 Rfe8 21. Qd2 h4 22. gxh4 gxh4 23. Rd1 Re7 24. 0-0 Qe5 25. b4 Na4 26. Bb5 Bxb5 1/2-1/2

[Event "GER CupT"]
[Site "Germany"]
[Date "2023.03.12"]
[Round "4.1"]
[White "Neukirchner, Pascal"]
[Black "Van Wely, Loek"]
[Result "0-1"]
[WhiteElo "2300"]
[BlackElo "2649"]
[PlyCount "58"]
[EventDate "2023.01.28"]
[EventType "team-k.o."]
[EventRounds "4"]
[EventCountry "GER"]
[SourceTitle "EXT 2024"]
[Source "ChessBase"]
[SourceDate "2023.10.10"]
[SourceVersion "1"]
[SourceVersionDate "2023.10.10"]
[SourceQuality "1"]
[WhiteTeam "Grundau"]
[BlackTeam "Solingen SG"]
[WhiteTeamCountry "GER"]
[BlackTeamCountry "GER"]

1. Nf3 c5 2. g3 Nc6 3. Bg2 g6 4. c4 Bg7 5. Nc3 d6 6. 0-0 Rb8 7. e3 h5 8. d4 cxd4 9. Nxd4 Bd7 10. h4 Nh6 11. Nce2 Nf5 12. Nxf5 Bxf5 13. Nd4 Qd7 14. Nxf5 Qxf5 15. Bd2 0-0 16. Qb1 Qg4 17. Rc1 Ne5 18. Qe4 Rfc8 19. b3 Qe2 20. Rc2 d5 21. Qxd5 e6 22. Qe4 f5 23. Bc3 fxe4 24. Rxe2 Nf3+ 25. Bxf3 Bxc3 26. Bxe4 Bxa1 27. Bxg6 Rc5 28. Rd2 Kg7 29. Be4 Rc7 0-1

[Event "Bundesliga 2223"]
[Site "Germany"]
[Date "2023.02.05"]
[Round "6.8"]
[White "Van Wely, Loek"]
[Black "Amin, Bassem"]
[Result "1/2-1/2"]
[WhiteElo "2629"]
[BlackElo "2667"]
[PlyCount "68"]
[EventDate "2022.10.21"]
[EventType "team-tourn"]
[EventRounds "15"]
[EventCountry "GER"]
[SourceTitle "CBM 212 Extra"]
[Source "ChessBase"]
[SourceDate "2023.03.31"]
[SourceVersion "1"]
[SourceVersionDate "2023.03.31"]
[SourceQuality "1"]
[WhiteTeam "Solingen"]
[BlackTeam "Viernheim"]
[WhiteTeamCountry "GER"]
[BlackTeamCountry "GER"]

1. d4 Nf6 2. c4 g6 3. Nf3 Bg7 4. g3 0-0 5. Bg2 d6 6. Nc3 Nc6 7. d5 Na5 8. b3 c5 9. Bb2 a6 10. 0-0 Rb8 11. Nd2 b5 12. Qc1 e5 13. dxe6 Bxe6 14. cxb5 axb5 15. Nce4 Bf5 16. Nxf6+ Bxf6 17. Ne4 Bxe4 18. Bxe4 Re8 19. Bf3 Rb6 20. Rd1 Nc6 21. e3 b4 22. Qd2 Bxb2 23. Qxb2 Ne5 24. Bd5 Qf6 25. Qe2 h5 26. h3 Nd7 27. Rac1 Qf5 28. Bg2 Nf6 29. Rc4 Qe5 30. Rd3 Re7 31. Kh2 Ra7 32. Rd2 Rba6 33. Bf3 Ra5 34. Kg2 Kg7 1/2-1/2

[Event "Bundesliga 2223"]
[Site "Germany"]
[Date "2022.10.23"]
[Round "2.6"]
[White "Van Wely, Loek"]
[Black "Hracek, Zbynek"]
[Result "1/2-1/2"]
[WhiteElo "2629"]
[BlackElo "2542"]
[PlyCount "71"]
[EventDate "2022.10.21"]
[EventType "team-tourn"]
[EventRounds "15"]
[EventCountry "GER"]
[SourceTitle "CBM 211"]
[Source "ChessBase"]
[SourceDate "2022.12.31"]
[SourceVersion "1"]
[SourceVersionDate "2022.12.31"]
[SourceQuality "1"]
[WhiteTeam "Solingen"]
[BlackTeam "Werder Bremen"]
[WhiteTeamCountry "GER"]
[BlackTeamCountry "GER"]

1. c4 e5 2. g3 Nf6 3. Bg2 Bc5 4. Nc3 c6 5. e4 d5 6. exd5 cxd5 7. cxd5 Bf5 8. d3 Qb6 9. Qe2 0-0 10. Nf3 Qa6 11. Ne4 Nbd7 12. Nh4 Bg4 13. f3 Bh5 14. Bh3 Rad8 15. Bd2 Bb6 16. Bxd7 Nxd7 17. Nf5 Nc5 18. Nxc5 Bxc5 19. Rc1 Bg6 20. Rxc5 Bxf5 21. Ra5 Qg6 22. Bb4 Rfe8 23. d6 Bxd3 24. Qe3 e4 25. f4 Rxd6 26. Rg5 Qh6 27. Bxd6 Qxd6 28. Qc5 Qd7 29. Qc3 g6 30. Re5 Rc8 31. Rc5 Re8 32. h3 e3 33. Rh2 e2 34. Re5 Rc8 35. Rc5 Re8 36. Re5 1/2-1/2

[Event "EU-Cup 37th"]
[Site "Mayrhofen"]
[Date "2022.10.06"]
[Round "4.5"]
[White "Van Wely, Loek"]
[Black "Czebe, Attila"]
[Result "1-0"]
[WhiteElo "2629"]
[BlackElo "2366"]
[PlyCount "145"]
[EventDate "2022.10.03"]
[EventType "team-swiss"]
[EventRounds "7"]
[EventCountry "AUT"]
[SourceTitle "CBM 210 Extra"]
[Source "ChessBase"]
[SourceDate "2022.11.30"]
[SourceVersion "1"]
[SourceVersionDate "2022.11.30"]
[SourceQuality "1"]
[WhiteTeam "Clichy Echecs 92"]
[BlackTeam "Ajka BSK"]
[WhiteTeamCountry "FRA"]
[BlackTeamCountry "HUN"]

1. d4 e6 2. c4 Bb4+ 3. Bd2 Bxd2+ 4. Qxd2 Nf6 5. Nf3 0-0 6. g3 d6 7. Bg2 Nc6 8. Nc3 e5 9. 0-0 Bg4 10. e3 exd4 11. Nxd4 Qd7 12. Nd5 Nxd5 13. cxd5 Ne7 14. Rfc1 Rac8 15. Qb4 Rb8 16. Qa5 Rfc8 17. Qxa7 c5 18. dxc6 bxc6 19. Qxd7 Bxd7 20. Rc2 Rb6 21. Rd1 Ra6 22. b3 Rca8 23. Rdd2 Rb8 24. Ne2 c5 25. Nc3 Be6 26. Bf1 Rc6 27. Rc1 h6 28. Bg2 Ra6 29. Rcd1 d5 30. Nxd5 Bxd5 31. Bxd5 Nxd5 32. Rxd5 Rxa2 33. Rxc5 Rb2 34. Rd7 R2xb3 35. Rcc7 Rf8 36. g4 Rb6 37. h3 Rf6 38. f4 Re6 39. Kf2 g6 40. Ra7 Re4 41. Rdc7 Re6 42. h4 Re4 43. Rc5 Rfe8 44. Ra3 Rb4 45. Kf3 Re7 46. h5 gxh5 47. Rxh5 Kg7 48. Rd5 Rb1 49. Rd6 Rc7 50. Ra8 Rf1+ 51. Kg2 Re1 52. Kf2 Rh1 53. Rdd8 Rh3 54. Ke2 Rb7 55. Rg8+ Kf6 56. Ra3 Ke7 57. Kd3 Rg3 58. Raa8 Rh3 59. Rae8+ Kf6 60. Rh8 Rh4 61. g5+ Kf5 62. gxh6 f6 63. Rd8 Ra7 64. Rd5+ Kg6 65. Rd6 Rf7 66. Rdd8 Ra7 67. Rdg8+ Kf5 68. Rg3 Rh1 69. Kc4 Rc7+ 70. Kd3 Ra7 71. Rf8 Ra3+ 72. Kc4 Rxh6 73. e4+ 1-0

[Event "EU-Cup 37th"]
[Site "Mayrhofen"]
[Date "2022.10.04"]
[Round "2.5"]
[White "Van Wely, Loek"]
[Black "Coenen, Norbert"]
[Result "1-0"]
[WhiteElo "2629"]
[BlackElo "2268"]
[PlyCount "71"]
[EventDate "2022.10.03"]
[EventType "team-swiss"]
[EventRounds "7"]
[EventCountry "AUT"]
[SourceTitle "CBM 210 Extra"]
[Source "ChessBase"]
[SourceDate "2022.11.30"]
[SourceVersion "1"]
[SourceVersionDate "2022.11.30"]
[SourceQuality "1"]
[WhiteTeam "Clichy Echecs 92"]
[BlackTeam "Eupen Rochade"]
[WhiteTeamCountry "FRA"]
[BlackTeamCountry "BEL"]

1. Nf3 Nf6 2. d4 g6 3. Bg5 Bg7 4. Nbd2 d5 5. e3 Nbd7 6. Be2 0-0 7. 0-0 c5 8. c3 b6 9. a4 Bb7 10. a5 Bc6 11. Qb3 b5 12. dxc5 Nxc5 13. Qb4 Ne6 14. Nd4 Nxd4 15. cxd4 h6 16. Bh4 a6 17. Rfc1 Bd7 18. Bg3 Rc8 19. Rxc8 Qxc8 20. Qxe7 Qc2 21. Qb4 Rc8 22. Bd6 Bf8 23. Bxf8 Rxf8 24. Bd1 Qd3 25. Ra3 Qf5 26. Rc3 Rc8 27. Rxc8+ Bxc8 28. Qc3 Bd7 29. f3 Qe6 30. Nb3 b4 31. Qd2 Bb5 32. Nc5 Qe7 33. Be2 Qe8 34. b3 Qc6 35. Kf2 Nd7 36. Qxb4 1-0

[Event "Bundesliga 2122"]
[Site "Germany"]
[Date "2022.07.10"]
[Round "15.5"]
[White "Adams, Michael"]
[Black "Van Wely, Loek"]
[Result "1-0"]
[WhiteElo "2698"]
[BlackElo "2613"]
[PlyCount "61"]
[EventDate "2022.03.05"]
[EventType "team-tourn"]
[EventRounds "15"]
[EventCountry "GER"]
[SourceTitle "CBM 209 Extra"]
[Source "ChessBase"]
[SourceDate "2022.09.30"]
[SourceVersion "1"]
[SourceVersionDate "2022.09.30"]
[SourceQuality "1"]
[WhiteTeam "Baden-Baden"]
[BlackTeam "Solingen"]
[WhiteTeamCountry "GER"]
[BlackTeamCountry "GER"]

1. e4 c5 2. Nf3 d6 3. d4 cxd4 4. Nxd4 Nf6 5. Nc3 a6 6. Bd3 e5 7. Nde2 Be7 8. 0-0 0-0 9. Ng3 g6 10. Bh6 Re8 11. Bc4 Be6 12. Nd5 Nbd7 13. Nxe7+ Qxe7 14. Bb3 Bxb3 15. axb3 Qe6 16. h3 d5 17. exd5 Nxd5 18. Qd2 f5 19. Rfd1 N7f6 20. c4 Ne7 21. Qb4 f4 22. Rd6 Qf7 23. Bg5 Nc6 24. Qe1 fxg3 25. Rxf6 Qg7 26. Qe4 gxf2+ 27. Rxf2 Rf8 28. Qd5+ Kh8 29. Raf1 Rxf2 30. Rxf2 Rf8 31. Qe6 1-0

[Event "Bundesliga 2122"]
[Site "Germany"]
[Date "2022.07.09"]
[Round "14.5"]
[White "Kozul, Zdenko"]
[Black "Van Wely, Loek"]
[Result "0-1"]
[WhiteElo "2619"]
[BlackElo "2613"]
[PlyCount "76"]
[EventDate "2022.03.05"]
[EventType "team-tourn"]
[EventRounds "15"]
[EventCountry "GER"]
[SourceTitle "CBM 209 Extra"]
[Source "ChessBase"]
[SourceDate "2022.09.30"]
[SourceVersion "1"]
[SourceVersionDate "2022.09.30"]
[SourceQuality "1"]
[WhiteTeam "Deizisau"]
[BlackTeam "Solingen"]
[WhiteTeamCountry "GER"]
[BlackTeamCountry "GER"]

1. d4 d5 2. c4 c6 3. Nf3 Nf6 4. Nc3 e6 5. Bg5 h6 6. Bh4 dxc4 7. e4 g5 8. Bg3 b5 9. Be2 Bb7 10. 0-0 Nbd7 11. Nd2 Qb6 12. a4 a6 13. e5 Nd5 14. Nde4 0-0-0 15. b3 Nxc3 16. Nxc3 b4 17. a5 Qa7 18. Na4 c3 19. Bh5 c5 20. Bxf7 Bd5 21. Qg4 h5 22. Qxg5 cxd4 23. Bh4 Bc5 24. Qg6 Rdf8 25. Bxe6 Rhg8 26. Qxg8 Rxg8 27. Bxd5 Rg4 28. g3 Rxh4 29. gxh4 Nxe5 30. Rae1 Qg7+ 31. Kh1 Nd3 32. Re6 c2 33. Re2 c1Q 34. Rxc1 Nxc1 35. Rc2 Ne2 36. Rxe2 d3 37. Rd2 Qe5 38. Bc4 Bd6 0-1

[Event "EU Corporate-ch"]
[Site "Rotterdam"]
[Date "2022.06.19"]
[Round "9"]
[White "Van Wely, Loek"]
[Black "Giri, Anish"]
[Result "0-1"]
[WhiteElo "2618"]
[BlackElo "2761"]
[PlyCount "96"]
[EventDate "2022.06.18"]
[EventType "team-tourn (rapid)"]
[EventRounds "9"]
[EventCountry "NED"]
[SourceTitle "EXT 2023"]
[Source "ChessBase"]
[SourceDate "2022.10.05"]
[SourceVersion "1"]
[SourceVersionDate "2022.10.05"]
[SourceQuality "1"]

1. Nf3 d5 2. g3 g6 3. Bg2 Bg7 4. d4 Nf6 5. c4 c6 6. cxd5 cxd5 7. Nc3 0-0 8. Ne5 Nc6 9. 0-0 Bf5 10. Bf4 Rc8 11. Rc1 Ne4 12. Nxc6 Rxc6 13. Qb3 Bxd4 14. Nxe4 dxe4 15. Qxb7 Rb6 16. Qxa7 Rxb2 17. Qa6 Qb6 18. Qxb6 Bxb6 19. Rb1 Bxf2+ 20. Kxf2 e3+ 21. Bxe3 Bxb1 22. Bd4 Rb5 23. a4 Rf5+ 24. Bf3 Be4 25. Bb6 Bxf3 26. exf3 Rc8 27. a5 Rc3 28. Kg2 Ra3 29. g4 Rd5 30. Re1 e6 31. Rc1 g5 32. Rc2 Kg7 33. Kg3 Rdd3 34. Rf2 Kg6 35. Kg2 h5 36. h3 h4 37. Bc7 f6 38. Bb6 e5 39. Bc7 Rdb3 40. Rf1 Rb2+ 41. Rf2 Rxf2+ 42. Kxf2 e4 43. fxe4 Rxh3 44. Bb6 Ra3 45. Bc7 Kf7 46. Bd8 Ke6 47. Bc7 Ra2+ 48. Kg1 Ra4 0-1